000 00308nam a22001217a 4500
008 140526t xxu||||| |||| 00| 0 eng d
020 _a81-312-0590-8
100 _aMark. H. Beers
_9904
245 _aThe Merck Manual
_bof diagnosis and therapy
250 _aeighteen edition
300 _a2991
942 _2ddc
_cBK
999 _c17142
_d17142